| LEADER | 00701nam a22001817a 4500 | ||
|---|---|---|---|
| 001 | NCT_84649 | ||
| 008 | 200804b xxu||||| |||| 00| 0 vie d | ||
| 999 | |c 4178 |d 4178 | ||
| 020 | |a 0198612710 | ||
| 082 | 0 | 4 | |2 23rd ed. |a 423 |b B878/V.2 |
| 100 | 1 | |a Brown, Lesley | |
| 245 | 1 | 0 | |a The New shorter Oxford English dictionary on historical principles |n Volume 2 (N-Z) |c Lesley Brown |
| 260 | |a Oxford |b Clarendon Press |c 1973 | ||
| 300 | |a viii, 1877-3801 p. |c 29cm | ||
| 653 | |a Cơ bản | ||
| 942 | |2 ddc |c BK | ||
| 952 | |0 0 |1 0 |2 ddc |4 0 |6 423_000000000000000_B878_V_2 |7 0 |9 20229 |a 000001 |b 000001 |d 2020-08-04 |o 423 B878/V.2 |p MD.17586 |r 2020-08-04 |w 2020-08-04 |y BK | ||
| 980 | |a Thư viện Trường Đại học Nam Cần Thơ | ||


